000 00384nam a2200145Ia 4500
008 090124s9999 xx 000 0 und d
082 _b303871
245 _a ग्रीष्म दाह
250 _a1
260 _bजोग वि. स.
_c1995
300 _a152
630 _a ग्रीष्म दाह
730 _a ग्रीष्म दाह
942 _cBOOK
999 _c193508
_d193508